LEADER 01547nam0 22003733i 450 001 CAG0024090 005 20231121125419.0 100 $a20110827d1978 ||||0itac50 ba 101 | $aita 102 $ait 181 1$6z01$ai $bxxxe 182 1$6z01$an 200 1 $aPsicologia del linguaggio$ericerche e problemi$fAngiola Massucco Costa e Ada Fonzi 205 $a2. ed 210 $aTorino$cBoringhieri$d1978 215 $a168 p.$d21 cm. 225 | $aProgramma di psicologia, psichiatria, psicoterapia$i. Sez. di psicologia 410 0$1001RAV0045138$12001 $aProgramma di psicologia, psichiatria, psicoterapia$i. Sez. di psicologia 606 $aLinguaggio$xPsicologia$2FIR$3RMLC053427$9I 676 $a153$9Processi mentali consci e intelligenza.$v21 676 $a401.9$9$v21 700 1$aMassucco Costa$b, Angiola$3CFIV060035$4070$0446189 701 1$aFonzi$b, Ada$3CFIV045323$4070$0144114 790 1$aMassucco Costa$b, Angela$3SBNV105493$zMassucco Costa, Angiola 790 1$aCosta$b, Angiola$f <1902-2001>$3SBNV105494$zMassucco Costa, Angiola 801 3$aIT$bIT-01$c20110827 850 $aIT-RM0289 $aIT-FR0017 899 $aBiblioteca Statale A. Baldini$bRM0289 899 $aBiblioteca umanistica Giorgio Aprea$bFR0017 912 $aCAG0024090 950 0$aBiblioteca umanistica Giorgio Aprea$d 52MAG AC 67$e 52DSU0000003875 VMN RS $fA $h20131021$i20131021 977 $a 04$a 52 996 $aPsicologia del linguaggio$996625 997 $aUNICAS